000 00337 a2200157 4500
001 179649
020 _a
040 _cMagnum
100 _aRios, Rosana
240 1 0 _aLobo-guara, o solitario
_lpor
245 1 0 _aLobo-guara, o solitario
362 0 _a1899
440 1 _aScipione
697 _aMAGNITO: IJ/PARADIDATICO
942 _cBK
999 _c179649
_d179649